| 000 | 00454nam a22001697a 4500 | ||
|---|---|---|---|
| 003 | MPLRDC | ||
| 005 | 20220104124329.0 | ||
| 008 | 210129b ||||| |||| 00| 0 eng d | ||
| 082 | _a574.387 JOSEY | ||
| 100 | _aALEX JOSEY | ||
| 245 |
_a勇往直前的李光耀 _c台湾新生报编辑部特译 |
||
| 250 | _a再版 | ||
| 260 |
_a _b台湾新生报出版部 _c1980 |
||
| 300 | _b平 | ||
| 650 | _a各国政治--新加坡 | ||
| 942 |
_cBK _o574.387 JOSEY |
||
| 999 |
_c18487 _d18477 |
||